Statistics for Regions of European Countries

Click here to take the quiz!

General Stats

  • This quiz has been taken 234 times
    (212 since last reset)
  • The average score is 75 of 161

Answer Stats

COUNTRY Region % Correct
GER{Ba}v{aria}
87%
SPA{Ca}t{alonia}
78%
FRA{Lo}w{er Normandy}
78%
FRA{U}p{per Normandy}
78%
SPA{A}n{dalusia}
77%
ITA{S}i{cily}
76%
ENG{Gr}e{ater London}
75%
ITA{Sa}r{dinia}
75%
FRA{Br}i{ttany}
74%
SPA{Bas}q{ue Country}
74%
GER{Sa}x{ony}
73%
GER{Ber}l{in}
72%
ENG{City of }L{ondon}
71%
SPA{}G{alicia}
71%
FRA{}Î{le-de-France}
71%
SPA{A}r{agon}
71%
SPA{}M{adrid}
71%
ITA{T}u{scany}
71%
ENG{North }Y{orkshire}
71%
FRA{Cor}s{ica}
69%
SWI{Ber}n{}
67%
GER{}H{amburg}
67%
SPA{Val}e{ncia}
67%
ITA{L}o{mbardy}
66%
ITA{La}z{io}
66%
SWI{Zü}r{ich}
64%
SPA{Ca}s{tile and León}
63%
GER{B}r{andenburg}
62%
ITA{V}e{neto}
62%
SWI{Ge}n{eva}
60%
SPA{E}x{tremadura}
60%
ITA{}C{alabria}
60%
ENG{C}o{rnwall}
60%
SPA{}N{avarre}
60%
ITA{Pi}e{dmont}
60%
ENG{}K{ent}
60%
ITA{L}i{guria}
59%
SPA{M}u{rcia}
59%
ITA{}U{mbria}
58%
ENG{Greater }M{anchester}
58%
ITA{A}o{sta Valley}
58%
SPA{Castile-}L{a Mancha}
58%
FRA{N}o{rd-Pas-de-Calais}
58%
GER{Lower }S{axony}
58%
GER{Br}e{men}
57%
FRA{A}l{sace}
57%
GER{}R{hineland-Palatinate}
56%
SPA{A}s{turias}
56%
FRA{P}r{ovence-Alpes-Côte d'Azur}
56%
SPA{Ba}l{earic Islands}
56%
ITA{Cam}p{ania}
56%
SPA{Can}t{abria}
56%
GER{}B{aden-Württemberg}
55%
FRA{A}q{uitaine}
55%
ENG{O}x{fordshire}
54%
SPA{Ca}n{ary Islands}
54%
GER{M}e{cklenburg-Vorpommern}
53%
GER{Sch}l{eswig-Holstein}
53%
ENG{Ca}m{bridgeshire}
53%
FRA{Bu}r{gundy}
52%
ENG{De}v{on}
52%
ITA{Ap}u{lia}
52%
GER{North }R{hine-Westphalia}
52%
ENG{E}s{sex}
52%
GER{He}s{se}
52%
FRA{Lo}r{raine}
52%
SPA{}L{a Rioja}
51%
ITA{E}m{ilia-Romagna}
51%
GER{}S{aarland}
51%
NET{}Z{eeland}
50%
FRA{Rh}ô{ne-Alpes}
48%
NET{Fri}e{sland}
48%
GER{Saxony-}A{nhalt}
48%
FRA{}P{ays de la Loire}
48%
ENG{L}e{icestershire}
48%
ENG{C}u{mbria}
47%
NET{North }H{olland}
47%
ENG{South }Y{orkshire}
47%
ENG{North}u{mberland}
47%
ITA{Fri}u{li-Venezia Giulia}
46%
ENG{C}i{ty of Bristol}
46%
GER{Thur}i{ngia}
46%
ENG{La}n{cashire}
45%
ENG{No}t{tinghamshire}
45%
ENG{Nor}f{olk}
45%
ITA{T}r{entino-South Tyrol}
45%
ENG{Ch}e{shire}
44%
NET{So}u{th Holland}
44%
FRA{C}h{ampagne-Ardenne}
44%
ENG{Li}n{colnshire}
44%
ENG{}E{ast Riding of
Yorkshire}
44%
ITA{A}b{ruzzo}
43%
ITA{Bas}i{licata}
42%
ENG{W}o{rcestershire}
42%
ENG{West }Y{orkshire}
41%
ENG{S}u{ffolk}
41%
NET{U}t{recht}
41%
ENG{West }S{ussex}
41%
ENG{East }S{ussex}
41%
FRA{C}e{ntre-Val de Loire}
41%
ENG{Ham}p{shire}
40%
FRA{A}u{vergne}
40%
ENG{B}u{ckinghamshire}
40%
ENG{W}e{st Midlands}
40%
SWI{}J{ura}
40%
ENG{}D{erbyshire}
38%
ENG{D}o{rset}
38%
ITA{M}o{lise}
38%
ENG{So}m{erset}
37%
ENG{H}e{refordshire}
37%
ENG{Her}t{fordshire}
37%
ENG{I}s{le of Wight}
37%
ENG{Gl}o{ucestershire}
36%
FRA{Lan}g{uedoc-Roussillon}
36%
NET{Gr}o{ningen}
36%
ENG{Me}r{seyside}
36%
NET{Li}m{burg}
36%
ENG{Be}r{kshire}
35%
SWI{T}i{cino}
35%
ENG{B}e{dfordshire}
35%
ENG{T}y{ne and Wear}
35%
ENG{}W{arwickshire}
33%
ITA{Ma}r{che}
33%
ENG{Su}r{rey}
32%
ENG{D}u{rham}
32%
SWI{}V{alais}
31%
FRA{P}i{cardy}
31%
SWI{Va}u{d}
31%
SWI{G}r{aubünden}
31%
SWI{Z}u{g}
31%
FRA{M}i{di-Pyrénées}
31%
FRA{Lim}o{usin}
30%
ENG{North}a{mptonshire}
29%
ENG{St}a{ffordshire}
29%
SWI{Basel-}S{tadt}
29%
FRA{F}r{anche-Comté}
29%
NET{Nor}t{h Brabant}
29%
ENG{W}i{ltshire}
28%
SWI{L}u{zern}
28%
SWI{N}e{uchâtel}
28%
SWI{Ba}s{el-Landschaft}
27%
NET{}F{levoland}
27%
ENG{S}h{ropshire}
27%
SWI{Fr}i{bourg}
27%
SWI{U}r{i}
27%
ENG{R}u{tland}
27%
SWI{Sch}w{yz}
25%
SWI{S}t{. Gallen}
25%
NET{G}e{lderland}
24%
SWI{}A{argau}
24%
NET{O}v{erijssel}
22%
NET{D}r{enthe}
22%
FRA{P}o{itou-Charentes}
21%
SWI{S}c{haffhausen}
21%
SWI{A}p{penzell Ausserrhoden}
21%
SWI{}T{hurgau}
21%
SWI{}O{bwalden}
21%
SWI{S}o{lothurn}
21%
SWI{N}i{dwalden}
20%
SWI{Appenzell }I{nnerrhoden}
19%
SWI{G}l{arus}
18%

Score Distribution

Percentile by Number Answered

Percent of People with Each Score

Your Score History

You have not taken this quiz since the last reset